| 000 | 01017nam a22001817a 4500 | ||
|---|---|---|---|
| 999 |
_c59015 _d59015 |
||
| 005 | 20221031142403.0 | ||
| 008 | 221031s2011ru xxu||||| |||| 00| 0 rus d | ||
| 020 | _a9789941200199 | ||
| 080 | _a622.242+622.323 В -78 | ||
| 100 |
_aВаршаломидзе, Гурам. _915586 |
||
| 245 |
_aОсновы технологии обработки буровых и цементных растворов : Монография = _bსაბურღი და ცემენტის ხსნარების დამუშავების ტექნოლოგიის საფუძვლები = Fundamentals of technology of drilling and cement muds treatment / _c Г.Х. Варшаломидзе |
||
| 264 |
_aТбилиси : _bТехн. ун-т, _c 2011. |
||
| 300 |
_a678, [2] с. : _bил. ; _c23 см. |
||
| 505 | _aБиблиогр.: с. 662-668. | ||
| 653 | _aსაბურღი ხსნარები | ||
| 653 | _aცემენტის ხსნარები | ||
| 942 |
_2udc _cBK |
||